Exposicion hecha a las Cortes por la Diputacion Provincial de Sevilla, sobre las modificaciones que exige el nuevo arancel de rentas generales
Descripción Física:
20 p. ; 20 cm
Materias:
Aranzels de duanes -- Espanya -- S. XIX
MARC
| LEADER | 00000nam a2200000Ia 4500 | ||
|---|---|---|---|
| 001 | 17518 | ||
| 008 | 160829s1821 xx 000 0 cat d | ||
| 080 | |a RF-15-26 | ||
| 110 | 1 | |a Sevilla (Andalusia : Província). |b Diputación |9 56534 | |
| 245 | |a Exposicion hecha a las Cortes por la Diputacion Provincial de Sevilla, sobre las modificaciones que exige el nuevo arancel de rentas generales | ||
| 260 | |a Sevilla : |b Imprenta de doña María del Carmen Padrino, |c 1821 | ||
| 300 | |a 20 p. ; |c 20 cm | ||
| 590 | |a Prové de 26, exp. 2 | ||
| 650 | |a Aranzels de duanes |x Espanya |x S. XIX |9 47038 | ||
| 856 | 4 | |u https://media.diba.cat/diba/fitxers/arxiu/fulletons/bib_17518_1821_baixa.pdf |y Accés lliure | |
| 856 | 4 | |u https://media.diba.cat/diba/fitxers/arxiu/fulletons/bib_17518_1821_baixa.pdf |y Accés lliure | |
| 901 | |a Arxiu | ||
| 942 | |n 1 |2 udc | ||
| 952 | |0 0 |1 0 |4 0 |6 RF1526 |7 1 |9 53618 |a Arxiu |b Arxiu |d 2016-12-01 |l 0 |o RF-15-26 |p 17518 |r 2016-12-01 00:00:00 |w 2016-12-01 |y ARXIU | ||
| 999 | |c 57484 |d 57484 | ||
| 900 | |a bib_17518_1821_baixa.pdf | ||